Japan 2026 World Cup Squad - Statistics

General Stats
  • This quiz has been taken 5 times
  • The average score is 16 of 27
Answer Stats
Hint Answer % Correct
DF Hiroki Ito
100%
DF Junnosuke Suzuki
100%
FW Junya Ito
100%
MF Yuito Suzuki
100%
GK Zion Suzuki
100%
DF Takehiro Tomiyasu
80%
MF Wataru Endo
80%
FW Keito Nakamura
60%
DF Ko Itakura
60%
MF Ritsu Doan
60%
FW Takefusa Kubo
60%
DF Tsuyoshi Watanabe
60%
MF Ao Tanaka
40%
FW Ayase Ueda
40%
DF Ayumu Seko
40%
MF Daichi Kamada
40%
FW Daizen Maeda
40%
Hajime Moriyasu
40%
MF Kaishu Sano
40%
FW Keisuke Goto
40%
GK Keisuke Osako
40%
FW Kento Shiogai
40%
FW Koki Ogawa
40%
DF Shogo Taniguchi
40%
GK Tomoki Hayakawa
40%
DF Yukinari Sugawara
40%
DF Yuto Nagatomo
40%
No matching quizzes found
Score Distribution
Percent of People with Each Score
Percentile by Number Answered
Your Score History
You have not taken this quiz